| 000 | 00908nam a2200265Ia 4500 | ||
|---|---|---|---|
| 003 | OSt | ||
| 005 | 20220923231020.0 | ||
| 006 | a|||||r|||| 00| 0 | ||
| 007 | ta | ||
| 008 | 220922b |||||||| |||| 00| 0 pan d | ||
| 020 | _c200 | ||
| 024 | _a353,788 | ||
| 037 |
_b1200, 02/03/2020, H.K. Prakashan _cTextual |
||
| 040 |
_aARTS _cARTS _bpan |
||
| 041 |
_2pan _apan |
||
| 082 | _aO153,1x, R0 | ||
| 100 | _aਸਿੰਘ, ਕੇ. ਜਗਜੀਤ, ਂਚ. | ||
| 245 | 0 | _aਗ਼ਖ਼ਰਨਾਮਾ ਤੇ ਖ਼ਤਹਿਨਾਮਾ | |
| 260 |
_aਦਿੱਲੀ _b ਆਰਸੀ ਪਬਲਿFਰਗ਼ _c2020 |
||
| 300 |
_a80ਪ੍ਰ0 _ccm. |
||
| 650 | _a ਪੰਜਾਬੀ ਕਾਵਿ | ||
| 650 | _aਪੰਜਾਬੀ ਸਾਹਿਤ | ||
| 942 |
_hO153,1x, R0 _cTEXL _2CC |
||
| 999 |
_c388793 _d388793 |
||